| 000 | 00866nam a2200253Ia 4500 | ||
|---|---|---|---|
| 001 | 16272 | ||
| 003 | GE_BSU | ||
| 008 | 181216s||||||||xx |||||||||||||| ||und|| | ||
| 020 | _a9789941935527 | ||
| 040 | _cGE_BSU | ||
| 080 | _a343(479.22) | ||
| 100 | _aგამყრელიძე, ოთარ;თინათინ წერეთელი | ||
| 245 | _aსისხლის სამართლის პრობლემები | ||
| 245 | _bტ.2 | ||
| 260 | _aთბილისი | ||
| 260 | _bიურისტების სამყარო | ||
| 260 | _c2013 | ||
| 300 | _a378გვ;20სმ. | ||
| 541 | _h22ლ. | ||
| 653 | _aსამართალი | ||
| 653 | _aსისხლის სამართალი | ||
| 653 | _aსისხლის სამართლის პრობლემები | ||
| 942 | _cBK | ||
| 999 |
_c49355 _d49355 |
||